00245nam a22000857a 4500020001800000050001300018082001300031245005100044260006400095 a9781481490139 aEJF VLOC aEJF VLOC aSven Carter & the trashmouth effectcRob Vlock aUnited States of America : New YorkbSimon & Schusterc2017